000 00266nam a2200109 4500
082 _a954.7039KHA
100 _aKhalid, Shamsul Hassan
245 _aSindh's Fight for Pakistan
260 _aKarachi:
_bShamsul Hassan Foundation,
_c1992.
300 _a260p. ;
942 _cBK
999 _c8749
_d8749